000 00397nam a22001697a 4500
003 SGT
020 _a9789358426038
082 _a617.643
_bR23S
100 _aSaini, Saumya
245 _aRecent Advances in Orthodontics
260 _aLucknow, India
_bBook Rivers
_c2023
300 _a142
650 _aOrthodontics
653 _aOrthodontic material
700 _aRana, Tarun
942 _2ddc
_cBK
999 _c26773
_d26773